000 00764nam a2200217Ia 4500
005 20250701164517.0
008 008 250505s9999 xx 000 0 eng d
020 _a9780262731669
037 _aTextual
040 _aEASL
_beng
_cEASL
041 _aeng
_2eng
084 _aW:(G:55).42, R4
_qEASL
100 _aWilkening Kenneth E.
_9815094
245 0 _aAcid Rain Science and Politics in Japan: A History of Knowledge and Action toward Sustainability
260 _aUK
_bLondon The MIT Press Cambridge, Massachusetts England
_c2004
300 _a322pg
365 _aUK
650 _aAcid rain-Government Policy-Japan-History; Environmental mangement-Japan- History
_9815095
942 _cTEXL
_hW:(G:55).42, R4
999 _c1433316
_d1433316